00428nam a2200121Ia 4500001000400000008004100004082002500045100006400070245010700134260002200241901002800263999001500291360241024s9999 xx 000 0 und d aRD/372.97293/R426f/3 aRepública Dominicana.Secretaria de Estado de Educación. 0aForo Presidencial por la Excelencia de la Educación Dominicana, Síntesis Consulta Regional Azua 03 bEDUPROGRESOc2007 a4/11/2010 10:44:11 a.m. c8630d8630